00740cam a22001814a 4500020003300000082001700033100002800050245010400078260003600182300003400218440001000252504005100262650004100313650003200354942001200386999001900398952014100417 a0743258398 (hc : alk. paper)00a658/.04909511 aMcGregor, James,d1953-10aOne billion customers :blessons from the front lines of doing business in China /cJames McGregor. aNew York :bFree Press,cc2005. axix, 312 p. :bmaps ;c24 cm. 2951968 aIncludes bibliographical references and index. 0aBusiness enterprises, Foreign951969 0aInvestments, Foreign914053 2ddccBK c554468d554468 00102ddc40709536272aCLbCLcCHISTd2021-03-29eMultiline Booksl1o658/.0490951 MCGpCL-519r2021-04-29s2021-04-26w2021-03-29yBK